[Event "Bayern-chI Bank Hofmann 25th"]
[Site "Tegernsee"]
[Date "2022.11.05"]
[Round "1"]
[White "Jaeschke, Benno"]
[Black "Costa, Leonardo"]
[Result "0-1"]
[WhiteElo "2070"]
[BlackElo "2341"]
[PlyCount "100"]
[EventDate "2022.11.05"]
[EventType "swiss"]
[EventRounds "9"]
[EventCountry "GER"]
[SourceTitle "CBM 211 Extra"]
[Source "ChessBase"]
[SourceDate "2023.01.31"]
[SourceVersion "1"]
[SourceVersionDate "2023.01.31"]
[SourceQuality "1"]

1. d4 Nf6 2. c4 e6 3. Nf3 d5 4. Nc3 Be7 5. Bg5 0-0 6. e3 h6 7. Bh4 b6 8. cxd5 Nxd5 9. Bxe7 Qxe7 10. Nxd5 exd5 11. Rc1 Be6 12. Bd3 c5 13. dxc5 bxc5 14. Bb1 Nd7 15. 0-0 a5 16. Qd3 g6 17. Qa3 Qf6 18. e4 d4 19. Rfe1 Rfc8 20. e5 Qd8 21. Be4 Rab8 22. Qd3 Kg7 23. b3 Rb4 24. Qd1 Nb6 25. Nd2 Nd5 26. Qc2 Nc3 27. Bd3 a4 28. Bc4 Qd7 29. a3 axb3 30. Bxb3 Rbb8 31. Bc4 Bf5 32. Bd3 Bxd3 33. Qxd3 Qe6 34. Ra1 Ra8 35. Nc4 Qa6 36. f4 Nd5 37. f5 Ne3 38. f6+ Kh7 39. Rec1 Re8 40. Rab1 Nxc4 41. Rxc4 Rxe5 42. a4 Qxf6 43. Rf1 Qe6 44. Qf3 Qxc4 45. Qxa8 d3 46. Qd8 Qd5 47. Qxd5 Rxd5 48. Kf2 Rf5+ 49. Kg1 d2 50. Rd1 Rd5 0-1

[Event "Baden-ch 94th"]
[Site "Forst"]
[Date "2022.10.01"]
[Round "3"]
[White "Jaeschke, Benno"]
[Black "Schmitt, Anatole"]
[Result "1/2-1/2"]
[WhiteElo "2066"]
[BlackElo "1995"]
[PlyCount "68"]
[EventDate "2022.09.30"]
[EventType "swiss"]
[EventRounds "7"]
[EventCountry "GER"]
[SourceTitle "CBM 210 Extra"]
[Source "ChessBase"]
[SourceDate "2022.11.30"]
[SourceVersion "1"]
[SourceVersionDate "2022.11.30"]
[SourceQuality "1"]

1. d4 Nf6 2. c4 e6 3. Nf3 Bb4+ 4. Bd2 a5 5. a3 Bxd2+ 6. Qxd2 c5 7. e3 Nc6 8. Nc3 cxd4 9. Nxd4 0-0 10. Be2 Qe7 11. 0-0 Rd8 12. Rfd1 d5 13. cxd5 exd5 14. Rac1 Ne5 15. Nf3 Nc6 16. Na4 Be6 17. Nb6 Rab8 18. Bb5 Qc7 19. Na4 Ne4 20. Qc2 Qd6 21. Nc5 Nxc5 22. Qxc5 Qxc5 23. Rxc5 Na7 24. Ba4 b5 25. Bb3 Rbc8 26. Rxc8 Nxc8 27. Nd4 Na7 28. Rc1 b4 29. a4 Rc8 30. Rd1 Kf8 31. Kf1 Ke7 32. Ke2 Nc6 33. Nxc6+ Rxc6 34. Rd2 Rc5 1/2-1/2

[Event "Verbandsliga Nordbaden 1819"]
[Site "Baden"]
[Date "2019.01.13"]
[Round "4.3"]
[White "Maehrlein, Christoph"]
[Black "Jaeschke, Benno"]
[Result "0-1"]
[WhiteElo "2075"]
[BlackElo "2121"]
[PlyCount "162"]
[EventDate "2018.10.14"]
[EventType "team-tourn"]
[EventRounds "9"]
[EventCountry "GER"]
[SourceTitle "EXT 2020"]
[Source "ChessBase"]
[SourceDate "2019.10.17"]
[SourceVersion "1"]
[SourceVersionDate "2019.10.17"]
[SourceQuality "1"]
[WhiteTeam "Pforzheim"]
[BlackTeam "Sandhausen"]
[WhiteTeamCountry "GER"]
[BlackTeamCountry "GER"]

1. c4 e5 2. Nc3 Nc6 3. e4 g6 4. g3 Bg7 5. Bg2 d6 6. Nge2 Be6 7. d3 Qd7 8. Nd5 Nd8 9. 0-0 c6 10. Ne3 Bh3 11. Bxh3 Qxh3 12. f4 Nf6 13. c5 dxc5 14. fxe5 Ng4 15. Nxg4 Qxg4 16. Be3 Bxe5 17. Bxc5 Bxb2 18. Rb1 Bg7 19. Rb4 b6 20. Bd6 c5 21. Rc4 Qd7 22. e5 Nb7 23. Re4 0-0-0 24. Qb3 Nxd6 25. exd6 Qxd6 26. Rxf7 Rd7 27. d4 Rhd8 28. dxc5 Qxc5+ 29. Kg2 Qc6 30. Qc4 Qxc4 31. Rxc4+ Kb7 32. Rf2 Rd2 33. a4 R8d7 34. Re4 Rc2 35. h4 Ka6 36. g4 Ka5 37. h5 gxh5 38. Rf5+ Rc5 39. Rxh5 Rxh5 40. gxh5 a6 41. Nc1 Rd2+ 42. Kf3 Rb2 43. Rg4 Bh6 44. Nd3 Rh2 45. Ne5 b5 46. Nc6+ Kb6 47. axb5 axb5 48. Nd4 Rxh5 49. Rg8 Kc5 50. Rd8 Kc4 51. Ne6 Re5 52. Nc7 b4 53. Na6 Be3 54. Rc8+ Bc5 55. Kf4 Rd5 56. Nxb4 Kxb4 57. Rb8+ Kc4 58. Rb7 h6 59. Rb1 Bb4 60. Ke4 Rd8 61. Rh1 Bd2 62. Rh5 Bg5 63. Rh1 Rd4+ 64. Kf3 Kd5 65. Re1 h5 66. Kg2 Rd2+ 67. Kf3 Rd3+ 68. Kg2 h4 69. Rh1 Ke4 70. Re1+ Kf4 71. Rf1+ Kg4 72. Rb1 Bf4 73. Rg1 Rd2+ 74. Kh1+ Kh3 75. Rg2 Rd3 76. Rh2+ Kg4 77. Rg2+ Bg3 78. Rg1 Rf3 79. Rd1 Kh3 80. Rg1 Bh2 81. Rg3+ Bxg3 0-1

[Event "Neckar op-A 16th"]
[Site "Deizisau"]
[Date "2012.04.08"]
[Round "6"]
[White "Burg, Twan"]
[Black "Jaeschke, Benno"]
[Result "1/2-1/2"]
[WhiteElo "2464"]
[BlackElo "2224"]
[PlyCount "62"]
[EventDate "2012.04.05"]
[EventType "swiss"]
[EventRounds "9"]
[EventCountry "GER"]
[SourceTitle "CBM 147 Extra"]
[Source "ChessBase"]
[SourceDate "2012.04.24"]
[SourceVersion "1"]
[SourceVersionDate "2012.04.24"]
[SourceQuality "1"]

1. e4 e5 2. Nf3 Nc6 3. Bb5 a6 4. Ba4 Nf6 5. 0-0 Nxe4 6. d4 b5 7. Bb3 d5 8. dxe5 Be6 9. Nbd2 Bc5 10. Nxe4 dxe4 11. Qxd8+ Rxd8 12. Ng5 e3 13. Bxe6 fxe6 14. Nxe6 e2 15. Re1 Rd1 16. Bf4 Rxa1 17. Rxa1 Bb4 18. c3 Kf7 19. Ng5+ Kg6 20. Nf3 Rd8 21. Bd2 Nd4 22. cxd4 Bxd2 23. Nxd2 Rxd4 24. Re1 Rxd2 25. f4 Rxb2 26. a3 Kf5 27. Kf2 c5 28. Rxe2 Rxe2+ 29. Kxe2 g5 30. g3 Ke6 31. Kd3 Kd5 1/2-1/2

[Event "Neckar op-A 16th"]
[Site "Deizisau"]
[Date "2012.04.07"]
[Round "5"]
[White "Jaeschke, Benno"]
[Black "Swinkels, Robin"]
[Result "1/2-1/2"]
[WhiteElo "2224"]
[BlackElo "2494"]
[PlyCount "50"]
[EventDate "2012.04.05"]
[EventType "swiss"]
[EventRounds "9"]
[EventCountry "GER"]
[SourceTitle "CBM 147 Extra"]
[Source "ChessBase"]
[SourceDate "2012.04.24"]
[SourceVersion "1"]
[SourceVersionDate "2012.04.24"]
[SourceQuality "1"]

1. d4 d5 2. c4 c6 3. Nf3 Nf6 4. cxd5 cxd5 5. Nc3 Nc6 6. g3 Bf5 7. Bg2 e6 8. 0-0 Be7 9. Qb3 a6 10. Bg5 b5 11. Bxf6 Bxf6 12. Qd1 0-0 13. Rc1 Rc8 14. e3 Qa5 15. a3 Qb6 16. Ne1 Na5 17. Nd3 Bxd3 18. Qxd3 Nc4 19. Rc2 Rfd8 20. Rfc1 Qb8 21. Na2 Be7 22. Qb3 Rc7 23. Nb4 Bxb4 24. axb4 Rdc8 25. Qa2 Nxe3 1/2-1/2

[Event "Neckar op 15th"]
[Site "Deizisau"]
[Date "2011.04.26"]
[Round "2.14"]
[White "Jaeschke, Benno"]
[Black "Piorun, Kacper"]
[Result "0-1"]
[WhiteElo "2222"]
[BlackElo "2521"]
[PlyCount "69"]
[EventDate "2011.04.21"]
[EventType "swiss"]
[EventRounds "9"]
[EventCountry "GER"]
[SourceTitle "EXT 2015"]
[Source "ChessBase"]
[SourceDate "2014.11.20"]
[SourceVersion "1"]
[SourceVersionDate "2014.11.20"]
[SourceQuality "1"]

1. d4 g6 2. e4 Bg7 3. Nf3 d6 4. Bd3 Bg4 5. c3 Nd7 6. Nbd2 e6 7. h3 Bxf3 8. Nxf3 Ne7 9. Qb3 Qc8 10. Bg5 a6 11. 0-0 c5 12. a4 Qc7 13. Qa2 Rc8 14. dxc5 Nxc5 15. Bc2 h6 16. Bf4 g5 17. Be3 d5 18. exd5 Nxd5 19. Bd4 0-0 20. Rad1 Rcd8 21. Qc4 Nd7 22. Qd3 N7f6 23. Ne5 Nf4 24. Qf3 Rxd4 25. Rxd4 Qxe5 26. Rd2 Qc7 27. Rfd1 Re8 28. a5 h5 29. Ba4 Rf8 30. Bc2 g4 31. hxg4 hxg4 32. Qg3 Bh6 33. Qh4 Kg7 34. Rd6 Qc5 35. Qg3 0-1

[Event "Vellmar op 1st"]
[Site "Vellmar"]
[Date "2009.08.02"]
[Round "7"]
[White "Jaeschke, Benno"]
[Black "Kartsev, Soel"]
[Result "1-0"]
[WhiteElo "2202"]
[BlackElo "2243"]
[PlyCount "95"]
[EventDate "2009.07.30"]
[EventType "swiss"]
[EventRounds "7"]
[EventCountry "GER"]
[SourceTitle "EXT 2018"]
[Source "ChessBase"]
[SourceDate "2017.10.13"]
[SourceVersion "1"]
[SourceVersionDate "2017.10.13"]
[SourceQuality "1"]

1. d4 c5 2. d5 Nf6 3. c4 b5 4. cxb5 a6 5. bxa6 g6 6. Nc3 Bxa6 7. e4 Bxf1 8. Kxf1 d6 9. Nge2 Bg7 10. Rb1 0-0 11. b4 cxb4 12. Rxb4 Na6 13. Rb5 Nc5 14. f3 Nfd7 15. g3 f5 16. exf5 Rxf5 17. Kg2 Qf8 18. Rf1 Ne5 19. f4 Ned3 20. Rf3 Nxc1 21. Qxc1 Qc8 22. Qb1 Rf8 23. Re3 Ra3 24. Qb4 Ra7 25. h4 Qa8 26. Kh2 h6 27. Qb1 Qe8 28. Ne4 Nxe4 29. Rxe4 g5 30. Rb7 Rxb7 31. Qxb7 Bf6 32. hxg5 hxg5 33. Kg2 Qg6 34. Qb4 Qf5 35. Qc4 g4 36. Re6 Ra8 37. a4 Ra5 38. Qc8+ Kf7 39. Rxe7+ Kg6 40. Qg8+ Kh6 41. Qf8+ Kg6 42. Qg8+ Kh6 43. Re6 Qxd5+ 44. Kg1 Qd1+ 45. Kf2 Rf5 46. Rxf6+ Rxf6 47. Qg5+ Kh7 48. Qxf6 1-0

[Event "Bayern-chI Bank Hofmann 12th"]
[Site "Bad Wiessee"]
[Date "2008.11.03"]
[Round "3"]
[White "Jaeschke, Benno"]
[Black "Stanford, Maxim Barth"]
[Result "1/2-1/2"]
[WhiteElo "2187"]
[BlackElo "2415"]
[PlyCount "119"]
[EventDate "2008.11.01"]
[EventType "swiss"]
[EventRounds "9"]
[EventCountry "GER"]
[SourceTitle "EXT 2009"]
[Source "ChessBase"]
[SourceDate "2008.11.26"]
[SourceVersion "1"]
[SourceVersionDate "2008.11.26"]
[SourceQuality "1"]

1. d4 Nf6 2. c4 e6 3. Nf3 b6 4. Nc3 Bb4 5. Bg5 Bb7 6. e3 h6 7. Bh4 Bxc3+ 8. bxc3 d6 9. Bd3 Nbd7 10. Qc2 Qe7 11. 0-0 g5 12. Bg3 Nh5 13. Be4 c6 14. Qa4 Nxg3 15. hxg3 b5 16. Qb3 Nf6 17. Bd3 bxc4 18. Bxc4 Rd8 19. Rab1 Ba8 20. Rb2 0-0 21. Rfb1 Kg7 22. Qa3 Qc7 23. Ba6 Rb8 24. Rxb8 Rxb8 25. Rxb8 Qxb8 26. Nd2 Qb6 27. Bf1 c5 28. Nc4 Qc7 29. Qa6 cxd4 30. cxd4 Ne4 31. f3 d5 32. fxe4 dxc4 33. Qxc4 Qxc4 34. Bxc4 Bxe4 35. g4 Kf6 36. Be2 Ke7 37. Bf3 Bb1 38. a3 e5 39. Bd5 f6 40. Kf2 Kd6 41. Ba8 Bg6 42. Ke2 a5 43. Kf3 f5 44. gxf5 Bxf5 45. g4 Bg6 46. Be4 Be8 47. Kg3 exd4 48. exd4 h5 49. gxh5 Bxh5 50. Kf2 Bf7 51. Ke3 Bd5 52. Bf5 Ke7 53. Bg4 Kf6 54. Kd3 Be6 55. Bf3 Kf5 56. d5 Bd7 57. Kd4 Kf4 58. Be2 a4 59. Bd1 g4 60. Bxg4 1/2-1/2

[Event "Verbandsliga Nord Baden 0405"]
[Site "Germany"]
[Date "2004.10.10"]
[Round "1.5"]
[White "Teuber, Andreas"]
[Black "Jaeschke, Benno"]
[Result "0-1"]
[WhiteElo "2027"]
[BlackElo "2203"]
[PlyCount "86"]
[EventDate "2004.10.10"]
[EventType "team-tourn"]
[EventRounds "9"]
[EventCountry "GER"]
[SourceTitle "EXT 2007"]
[Source "ChessBase"]
[SourceDate "2006.11.23"]
[SourceVersion "1"]
[SourceVersionDate "2006.11.23"]
[SourceQuality "1"]
[WhiteTeam "Walldorf"]
[BlackTeam "Sandhausen"]
[WhiteTeamCountry "GER"]
[BlackTeamCountry "GER"]

1. e4 e5 2. Nf3 Nc6 3. Bb5 a6 4. Bxc6 dxc6 5. 0-0 Bg4 6. h3 h5 7. d3 Qf6 8. Nbd2 Bd6 9. Re1 Bxf3 10. Nxf3 Ne7 11. d4 0-0-0 12. Bg5 Qe6 13. d5 cxd5 14. exd5 Qd7 15. c4 f6 16. Be3 Nf5 17. Qc2 Nxe3 18. fxe3 Bb4 19. Re2 g5 20. a3 Be7 21. Nd2 f5 22. Rf1 Rdf8 23. Qc3 e4 24. Ref2 Rhg8 25. b4 g4 26. hxg4 hxg4 27. g3 Bf6 28. Qc2 Rh8 29. Rg2 Be5 30. Kf2 Rh3 31. Rfg1 Rfh8 32. Nf1 Qd6 33. Qd2 Rd8 34. Qc2 Kb8 35. Ke1 c6 36. dxc6 Qxc6 37. Rf2 Rd3 38. Rxf5 Bc3+ 39. Kf2 Qxc4 40. Kg2 Rxg3+ 41. Nxg3 Rd2+ 42. Qxd2 Bxd2 43. Nf1 Bxe3 0-1

[Event "Baden VLN 0304"]
[Site "Baden"]
[Date "2004.02.29"]
[Round "6.2"]
[White "Birke, Matthias"]
[Black "Jaeschke, Benno"]
[Result "1/2-1/2"]
[WhiteElo "2280"]
[BlackElo "2213"]
[PlyCount "147"]
[EventDate "2003.10.12"]
[EventType "team-tourn"]
[EventRounds "9"]
[EventCountry "GER"]
[SourceTitle "EXT 2022"]
[Source "ChessBase"]
[SourceDate "2021.10.06"]
[SourceVersion "1"]
[SourceVersionDate "2021.10.06"]
[SourceQuality "1"]
[WhiteTeam "Conweiler"]
[BlackTeam "Sandhausen"]
[WhiteTeamCountry "GER"]
[BlackTeamCountry "GER"]

1. c4 e5 2. Nc3 Nc6 3. g3 d6 4. Bg2 Be6 5. d3 Qd7 6. Nd5 g6 7. Nf3 h6 8. 0-0 Bg7 9. Bd2 Nge7 10. e4 Nd8 11. Qc1 Ng8 12. Re1 c6 13. Nc3 Bh3 14. b4 Ne7 15. Ne2 g5 16. Bc3 Bxg2 17. Kxg2 Ne6 18. h3 0-0-0 19. d4 Ng6 20. d5 Nc7 21. Qc2 Kb8 22. Rad1 cxd5 23. cxd5 Ne7 24. Nh2 f5 25. f3 h5 26. f4 gxf4 27. gxf4 Rhg8 28. Kh1 fxe4 29. Qxe4 Qxh3 30. fxe5 Nexd5 31. Rxd5 Nxd5 32. Qxd5 dxe5 33. Bxe5+ Ka8 34. Qf3 Qxf3+ 35. Nxf3 Bxe5 36. Nxe5 Rd2 37. a4 Re8 38. Nc3 Rd4 39. b5 Rc8 40. Re3 a6 41. Kg2 Rd2+ 42. Kf3 Ka7 43. Ke4 axb5 44. axb5 Rcd8 45. Re1 R2d4+ 46. Kf5 Kb6 47. Rg1 Rc8 48. Rc1 Rh8 49. Ng6 Rhd8 50. Ne7 h4 51. Ke5 h3 52. Ned5+ R4xd5+ 53. Nxd5+ Kxb5 54. Rb1+ Ka6 55. Nc7+ Ka7 56. Ne6 Rh8 57. Ng5 h2 58. Rh1 Rh5 59. Kf4 b5 60. Nf3 Kb6 61. Nxh2 b4 62. Kg3 Rg5+ 63. Ng4 b3 64. Kf4 Rb5 65. Ne3 b2 66. Rb1 Kc5 67. Ke4 Rb3 68. Nd1 Kb4 69. Kd4 Ka3 70. Nc3 Rb8 71. Nd1 Ka2 72. Nc3+ Kb3 73. Nd1 Kc2 74. Rxb2+ 1/2-1/2

[Event "Bayern-chI Bank Hofmann 7th"]
[Site "Bad Wiessee"]
[Date "2003.11.13"]
[Round "6"]
[White "Welling, Gerard J"]
[Black "Jaeschke, Benno"]
[Result "1-0"]
[WhiteElo "2380"]
[BlackElo "2213"]
[PlyCount "99"]
[EventDate "2003.11.08"]
[EventType "swiss"]
[EventRounds "9"]
[EventCountry "GER"]
[SourceTitle "EXT 2004"]
[Source "ChessBase"]
[SourceDate "2003.11.25"]
[SourceVersion "1"]
[SourceVersionDate "2003.11.25"]
[SourceQuality "1"]

1. d4 Nf6 2. Nf3 e6 3. e3 b6 4. Bd3 Bb7 5. 0-0 Be7 6. Nbd2 d5 7. b3 Nbd7 8. Bb2 0-0 9. c4 c5 10. Qe2 Rc8 11. Ne5 Ne4 12. Rad1 Nxd2 13. Rxd2 cxd4 14. Nxd7 Qxd7 15. Bxd4 f5 16. cxd5 Qxd5 17. f3 Bb4 18. Rdd1 Qa5 19. Bc4 Rce8 20. a3 Bxa3 21. Ra1 Qb4 22. Qa2 b5 23. Qxa3 Qxa3 24. Rxa3 bxc4 25. Rxa7 e5 26. Bc5 Rf7 27. bxc4 Rc8 28. Bd6 e4 29. c5 exf3 30. gxf3 Bc6 31. Rxf7 Kxf7 32. Kf2 g5 33. Rb1 Ke6 34. h4 h6 35. hxg5 hxg5 36. Rh1 g4 37. Rh6+ Kf7 38. fxg4 fxg4 39. Kg3 Bf3 40. Kf4 Re8 41. Be5 Rc8 42. Bd4 Rc6 43. Rh7+ Ke6 44. e4 Rc8 45. Rh6+ Kd7 46. Rd6+ Ke7 47. Bf6+ Kf7 48. c6 Re8 49. c7 Bxe4 50. Rd7+ 1-0

[Event "Baden VLN 0304"]
[Site "Baden"]
[Date "2003.10.12"]
[Round "1.3"]
[White "Jaeschke, Benno"]
[Black "Egartner, Wolfgang"]
[Result "0-1"]
[WhiteElo "2213"]
[BlackElo "2124"]
[PlyCount "126"]
[EventDate "2003.10.12"]
[EventType "team-tourn"]
[EventRounds "9"]
[EventCountry "GER"]
[SourceTitle "EXT 2022"]
[Source "ChessBase"]
[SourceDate "2021.10.06"]
[SourceVersion "1"]
[SourceVersionDate "2021.10.06"]
[SourceQuality "1"]
[WhiteTeam "Sandhausen"]
[BlackTeam "Neckargemuend"]
[WhiteTeamCountry "GER"]
[BlackTeamCountry "GER"]

1. d4 d5 2. c4 e6 3. Nc3 c6 4. e3 Nf6 5. Nf3 Nbd7 6. Bd3 dxc4 7. Bxc4 b5 8. Bd3 a6 9. 0-0 c5 10. Ne4 Bb7 11. Nxc5 Nxc5 12. dxc5 Bxc5 13. Qe2 0-0 14. e4 Qb6 15. Bg5 Nd7 16. Rad1 Rfe8 17. Bb1 Nf8 18. Bh4 Ng6 19. Bg3 a5 20. e5 Bd5 21. Ng5 Be7 22. Qh5 Bxg5 23. Qxg5 Rac8 24. h4 Qd8 25. Qh5 Qe7 26. f4 Qb7 27. f5 exf5 28. Qxf5 Be6 29. Qh5 Rc4 30. Rd6 Qe7 31. Qe2 Rg4 32. Rxe6 Qxe6 33. Bf5 Qb6+ 34. Bf2 Rd4 35. Qe3 Red8 36. e6 fxe6 37. Bxe6+ Kh8 38. Bd7 Qd6 39. Qxd4 Rxd7 40. Qxd6 Rxd6 41. h5 Nf4 42. Bg3 Ne2+ 43. Kh2 Rf6 44. Rxf6 gxf6 45. Be1 a4 46. g4 Kg7 47. Kg2 Kf7 48. Bd2 Nd4 49. Be3 Nc2 50. Bd2 Nd4 51. Kf2 Ke6 52. Ke3 Nc6 53. Ke4 Ne5 54. g5 Nc4 55. Bc1 fxg5 56. Bxg5 Nxb2 57. Kd4 b4 58. Bc1 a3 59. h6 Kf5 60. Kc5 Kg6 61. Kd4 Kf5 62. Kd5 Kg4 63. Kc6 Nc4 0-1

[Event "Baden VLN 0203"]
[Site "Baden"]
[Date "2003.01.19"]
[Round "5.3"]
[White "Jaeschke, Benno"]
[Black "Hess, Markus"]
[Result "0-1"]
[WhiteElo "2211"]
[BlackElo "2159"]
[PlyCount "66"]
[EventDate "2002.10.13"]
[EventType "team-tourn"]
[EventRounds "9"]
[EventCountry "GER"]
[SourceTitle "EXT 2022"]
[Source "ChessBase"]
[SourceDate "2021.10.06"]
[SourceVersion "1"]
[SourceVersionDate "2021.10.06"]
[SourceQuality "1"]
[WhiteTeam "Sandhausen"]
[BlackTeam "Ladenburg"]
[WhiteTeamCountry "GER"]
[BlackTeamCountry "GER"]

1. d4 Nf6 2. c4 c5 3. d5 b5 4. cxb5 a6 5. bxa6 Bxa6 6. Nc3 g6 7. e4 Bxf1 8. Kxf1 d6 9. Nge2 Bg7 10. Rb1 0-0 11. b4 cxb4 12. Rxb4 Na6 13. Rb1 Nc5 14. f3 Qa5 15. Be3 Nfd7 16. Bd4 Ne5 17. Rb5 Qa3 18. Qc1 Rfc8 19. Qxa3 Rxa3 20. Kf2 Ncd3+ 21. Kg3 f5 22. exf5 gxf5 23. Rhb1 f4+ 24. Kh3 Rc4 25. R1b3 Ra8 26. Rb8+ Rxb8 27. Rxb8+ Kf7 28. Ne4 Ra4 29. Rb7 Rxa2 30. Nxd6+ Kg6 31. Nc3 Ra6 32. Nc8 Kg5 33. Rxe7 Rh6# 0-1

[Event "Baden VLN 0203"]
[Site "Baden"]
[Date "2002.11.24"]
[Round "3.2"]
[White "Dergileva, Larisa"]
[Black "Jaeschke, Benno"]
[Result "1/2-1/2"]
[WhiteElo "2188"]
[BlackElo "2211"]
[PlyCount "53"]
[EventDate "2002.10.13"]
[EventType "team-tourn"]
[EventRounds "9"]
[EventCountry "GER"]
[SourceTitle "EXT 2022"]
[Source "ChessBase"]
[SourceDate "2021.10.06"]
[SourceVersion "1"]
[SourceVersionDate "2021.10.06"]
[SourceQuality "1"]
[WhiteTeam "Walldorf"]
[BlackTeam "Sandhausen"]
[WhiteTeamCountry "GER"]
[BlackTeamCountry "GER"]

1. e4 e5 2. Nf3 Nf6 3. Nc3 Nc6 4. d4 exd4 5. Nxd4 Bb4 6. Nxc6 bxc6 7. Bd3 d5 8. exd5 cxd5 9. 0-0 0-0 10. Bg5 c6 11. Ne2 h6 12. Bh4 Bd7 13. c3 Be7 14. Nd4 Ne8 15. Bxe7 Qxe7 16. Re1 Qf6 17. b4 Nd6 18. Qf3 Qxf3 19. Nxf3 Rfe8 20. Ne5 Rad8 21. Re2 f6 22. Nxd7 Rxd7 23. Rxe8+ Nxe8 24. f3 Nd6 25. Re1 Kf7 26. Kf2 Rc7 27. Re2 1/2-1/2

[Event "Bayern-chI Bank Hofmann 5th"]
[Site "Bad Wiessee"]
[Date "2001.10.29"]
[Round "3"]
[White "Schoen, Rudolf"]
[Black "Jaeschke, Benno"]
[Result "0-1"]
[WhiteElo "2062"]
[BlackElo "2221"]
[PlyCount "54"]
[EventDate "2001.10.27"]
[EventType "swiss"]
[EventRounds "9"]
[EventCountry "GER"]
[SourceTitle "EXT 2003"]
[Source "ChessBase"]
[SourceDate "2002.11.25"]
[SourceVersion "1"]
[SourceVersionDate "2002.11.25"]
[SourceQuality "1"]

1. e4 e5 2. Nf3 Nc6 3. Bb5 a6 4. Ba4 Nf6 5. 0-0 Nxe4 6. d4 b5 7. Bb3 d5 8. dxe5 Be6 9. c3 Bc5 10. Nbd2 0-0 11. Bc2 Nxf2 12. Rxf2 f6 13. Nb3 Bxf2+ 14. Kxf2 fxe5 15. Kg1 Bg4 16. h3 Bxf3 17. gxf3 Kh8 18. Kg2 e4 19. fxe4 Qh4 20. Be3 Ne5 21. Qxd5 Rae8 22. Nd2 Rf6 23. Rg1 Ref8 24. Kh2 Rf2+ 25. Bxf2 Rxf2+ 26. Rg2 Ng4+ 27. Kg1 Rxg2+ 0-1

[Event "Baden-ch"]
[Site "Leimen"]
[Date "2001.04.16"]
[Round "4"]
[White "Jaeschke, Benno"]
[Black "Steinhart, Karl Heinz"]
[Result "1-0"]
[WhiteElo "2235"]
[BlackElo "2168"]
[PlyCount "109"]
[EventDate "2001.04.13"]
[EventType "swiss"]
[EventRounds "9"]
[EventCountry "GER"]
[SourceTitle "CBM 082 Extra"]
[Source "ChessBase"]
[SourceDate "2001.07.03"]
[SourceVersion "1"]
[SourceVersionDate "2001.07.03"]
[SourceQuality "1"]

1. d4 d5 2. c4 e6 3. Nc3 Nf6 4. Bg5 Be7 5. e3 b6 6. cxd5 Nxd5 7. Bxe7 Qxe7 8. Nxd5 exd5 9. Qb3 0-0 10. Nf3 c6 11. Rc1 Bb7 12. Be2 Nd7 13. 0-0 g6 14. Rc2 Rfc8 15. Rfc1 Qd6 16. h3 Kg7 17. Bd3 f5 18. Qc3 a5 19. a3 b5 20. a4 b4 21. Qd2 c5 22. dxc5 Nxc5 23. Bxf5 Nb3 24. Qd1 Rxc2 25. Rxc2 gxf5 26. Qd3 d4 27. Qxb3 Bxf3 28. gxf3 d3 29. Rd2 Rc8 30. Qd1 Rd8 31. f4 Qd5 32. f3 Kf7 33. Qc1 Rg8+ 34. Kf2 Re8 35. Qc7+ Re7 36. Qb6 Rd7 37. Qh6 Ke8 38. Qf6 Qc4 39. Qe5+ Kd8 40. Qxa5+ Ke8 41. Qe5+ Kd8 42. Qxf5 b3 43. Qa5+ Ke7 44. Qe5+ Kd8 45. a5 Qc1 46. Qb8+ Ke7 47. Qb4+ Kd8 48. f5 Ke8 49. f6 Qc7 50. f4 Qc2 51. e4 Qc7 52. e5 h5 53. e6 Rd6 54. Qb5+ Kf8 55. e7+ 1-0

[Event "Baden-ch"]
[Site "Ladenburg"]
[Date "1992.??.??"]
[Round "8"]
[White "Jaeschke, Benno"]
[Black "Raupp, Thomas"]
[Result "1/2-1/2"]
[WhiteElo "2235"]
[BlackElo "2345"]
[PlyCount "23"]
[EventDate "1992.??.??"]
[EventType "tourn"]
[EventRounds "11"]
[EventCountry "GER"]
[EventCategory "3"]
[SourceTitle "GER"]
[Source "ChessBase"]
[SourceDate "1999.07.01"]
[SourceVersion "1"]
[SourceVersionDate "1999.07.01"]
[SourceQuality "1"]

1. d4 d5 2. c4 dxc4 3. Nf3 Nf6 4. e3 e6 5. Bxc4 c5 6. 0-0 a6 7. Qe2 b5 8. Bb3 Bb7 9. Rd1 Nbd7 10. a4 Qb6 11. Bc2 Be7 12. axb5 1/2-1/2

[Event "Baden-ch"]
[Site "Ladenburg"]
[Date "1992.??.??"]
[Round "5"]
[White "Schmidt Schaeffer, Sebastian"]
[Black "Jaeschke, Benno"]
[Result "1-0"]
[WhiteElo "2270"]
[BlackElo "2235"]
[PlyCount "59"]
[EventDate "1992.??.??"]
[EventType "tourn"]
[EventRounds "11"]
[EventCountry "GER"]
[EventCategory "3"]
[SourceTitle "GER"]
[Source "ChessBase"]
[SourceDate "1999.07.01"]
[SourceVersion "1"]
[SourceVersionDate "1999.07.01"]
[SourceQuality "1"]

1. d4 Nf6 2. c4 e6 3. Nf3 b6 4. g3 Bb7 5. Bg2 d5 6. cxd5 exd5 7. 0-0 Bd6 8. Qa4+ Qd7 9. Qb3 0-0 10. Nc3 Re8 11. Rd1 Qf5 12. Ne5 Nc6 13. f4 Na5 14. Qa4 c5 15. Nb5 Bb8 16. dxc5 Nc6 17. Nd3 Ne4 18. cxb6 axb6 19. Qb3 Na5 20. Qb4 Nc6 21. Qb3 Na5 22. Qc2 Rc8 23. Qb1 Nc6 24. Be3 d4 25. Nxd4 Nxd4 26. Bxd4 Rc4 27. Nf2 Rxd4 28. Rxd4 Qc5 29. Rxe4 Ba7 30. Re5 1-0

[Event "Baden-ch"]
[Site "Ladenburg"]
[Date "1992.??.??"]
[Round "9"]
[White "Schrepp, Martin"]
[Black "Jaeschke, Benno"]
[Result "1-0"]
[WhiteElo "2250"]
[BlackElo "2235"]
[PlyCount "105"]
[EventDate "1992.??.??"]
[EventType "tourn"]
[EventRounds "11"]
[EventCountry "GER"]
[EventCategory "3"]
[SourceTitle "GER"]
[Source "ChessBase"]
[SourceDate "1999.07.01"]
[SourceVersion "1"]
[SourceVersionDate "1999.07.01"]
[SourceQuality "1"]

1. e4 e5 2. Nf3 Nc6 3. Bb5 a6 4. Ba4 Nf6 5. d3 b5 6. Bb3 Bc5 7. 0-0 0-0 8. c3 Bb6 9. Bg5 h6 10. Bh4 Qe7 11. Nbd2 Bb7 12. Re1 d6 13. Nf1 Na5 14. Bc2 c5 15. Ne3 Bd8 16. b4 Nc6 17. Nd5 Qe6 18. Bxf6 Bxf6 19. Nc7 Qd7 20. Nxa8 Rxa8 21. Qd2 Qc7 22. Bb3 Rd8 23. a4 Ne7 24. axb5 axb5 25. Ra7 Qb6 26. Rea1 cxb4 27. cxb4 d5 28. Qe1 dxe4 29. dxe4 g5 30. Qe3 Qxe3 31. fxe3 Bxe4 32. R1a6 Kg7 33. Nxe5 Rd2 34. Ra2 Rd6 35. Ng4 Nd5 36. Nxf6 Rxf6 37. Rf2 Nxe3 38. Rxf7+ Rxf7 39. Rxf7+ Kg6 40. Re7 Kf5 41. g3 h5 42. Re8 Nd5 43. Rb8 Nc3 44. Rc8 Ne2+ 45. Kf2 Nd4 46. Rc5+ Kg6 47. Bd1 Bc6 48. Bxh5+ Kxh5 49. Ke3 Nf3 50. Rxc6 Nxh2 51. Rc5 Kg4 52. Kf2 Nf3 53. Rxb5 1-0